slovakia hockey teams - Statistics

General Stats
  • This quiz has been taken 36 times
    28 since last reset
  • The average score is 23 of 36
Answer Stats
Picture Answer % Correct
HC Košice
100%
HC MONACObet Banská Bystrica
96%
HC Slovan Bratislava
96%
HK Dukla Ingema Michalovce
96%
HK Dukla Trenčín
96%
HKM Zvolen
96%
HK Poprad
96%
HC Nové Zámky
92%
HK Nitra
92%
DOXXbet Vlci Žilina
88%
HC Prešov
88%
HK Gladiators Trnava
88%
HK Spišská Nová Ves
84%
HK 32 Liptovský Mikuláš
80%
HC 19 Humenné
68%
HK 95 Považská Bystrica
68%
HK Skalica
68%
HK Levice
64%
HK Martin
60%
HK Spartak Dubnica
60%
HK Detva
56%
HK Žiar nad Hronom
52%
HC Topoľčany
48%
HK Steel Team Trebišov
48%
MHK Dolný Kubín
48%
HK Brezno
44%
HK Dukla Senica
44%
HC Prievidza
40%
HK Sabinov
40%
Hamuliakovo B
36%
HK Bardejov
36%
HK Iskra Partizánske
32%
HKM Rimavská Sobota
28%
MŠK Púchov
28%
HK Slovan Gelnica
24%
MHK Kežmarok
24%
No matching quizzes found
Score Distribution
Percent of People with Each Score
Percentile by Number Answered
Your Score History
You have not taken this quiz since the last reset